| 000 | 01950nam a22002417a 4500 | ||
|---|---|---|---|
| 005 | 20250912164810.0 | ||
| 008 | 250912b |||||||| |||| 00| 0 eng d | ||
| 020 | _a9781529203233 (Paperback) | ||
| 082 | _a340.115 | ||
| 100 | _aHiller, Tim | ||
| 245 |
_aCriminal Justice and the Pursuit of Truth / _cBy Tim Hillier and Gavin Dingwall |
||
| 260 |
_aBristol _bBristol University Press _c2023 |
||
| 300 |
_aix, 231 pages _c23 cm. |
||
| 365 | _bRs. 3248.00 | ||
| 505 | _aThe Criminal Process and the Pursuit of Truth - Allegations - Confessions - Witness Testimony - Truth and the Probity of Evidence-Gathering - Decisions and Narratives: Factfinding and Case Construction - Truth and the Criminal Trial: Competing Stories - Truth, Sentencing and Punishment - Restoration, Reconciliation and Reconceptualizing Justice - The Truth, the Whole Truth and Nothing but the Truth: The Truth of Who Is to Blame. | ||
| 520 | _aCan the criminal justice system achieve justice based on its ability to determine the truth? Drawing on a variety of disciplinary and interdisciplinary perspectives, this book investigates the concept of truth – its complexities and nuances – and scrutinizes how well the criminal justice process facilitates truth-finding. From allegation to sentencing, the chapters take the reader on a journey through the criminal justice system, exposing the marginalization of truth-finding in favour of other jurisprudential or systemic values, such as expediency, procedural fairness and the presumption of innocence. This important work bridges the gap between what people expect from the criminal justice system and what it can legitimately deliver. | ||
| 650 | _aCriminal justice, Administration of—Philosophy | ||
| 650 | _aJustice—Philosophy | ||
| 650 | _aCriminal procedure—Evaluation | ||
| 650 | _aCriminal procedure—Evaluation | ||
| 700 | _aGavin Dingwall [Author] | ||
| 942 |
_2ddc _cBK |
||
| 999 |
_c213802 _d213802 |
||